000 00577nam a22001937a 4500
999 _c195726
_d195726
005 20230419103424.0
010 _aENG-136726
020 _a9789385640308
_c160.00
035 _aEN-120258
037 _bDBAD/PUB
082 _a658
100 _aPonnaiah, V.M.
245 0 0 _aEssential of management/
_cby V.M. Ponnaiah
250 _a1st ed.
260 _aBanglore
_bArchers & Elevators publishing house
_c2016
270 _a131 AGB Layout 6th cross Hesaraghatta main road
_bBanglore
_e560090
300 _a106p.;
_c28cm(pbk)
942 _2ddc
_cEN
_mPON
_h658